Le Tarn-et-Garonne en images - Statistiques

Statistiques générales
  • Ce quiz a été pris 33 fois
  • Le résultat moyen est 10 sur 18
Statistiques - réponses
Par images Hint Réponse % Correct
Préfécture Montauban
97%
Création du département Napoléon Bonaparte
94%
Caussade en est la capitale Chapeaux
90%
Célébration / Événement historique Les {400} coups
74%
Premier producteur français de 2 fruits (nommez en un) Pommes | Prunes
74%
Sous-préfecture Castelsarrasin
71%
Centrale nucléaire Centrale nucléaire de {Golfech}
68%
Ville Moissac
68%
Femme de lettres Olympe de Gouges
61%
Place Place Nationale
52%
Région naturelle Quercy Blanc
52%
Musée Musée {Ingres}-{Bourdelle}
48%
Chanteur Pierre Perret
45%
Poumon vert du département Gorges de {l'Aveyron}
39%
Plus Beau Village de France situé dans le précédent Bruniquel
23%
Mathématicien Pierre de Fermat
23%
Spécialité AOP de la ville précédente Le Chasselas de Moissac
19%
Région naturelle partagée avec le Gers Lomagne
19%
Aucun quiz correspondant
Distribution des résultats
% des personnes avec chaque résultat
Percentile par nombre de réponses
Votre historique - résultats
Vous n’avez pas pris ce quiz